| 000 | 00907nas a2200337 4500 | ||
|---|---|---|---|
| 001 | BR2015002727 | ||
| 003 | BR-BrBNA | ||
| 005 | 20231205125316.0 | ||
| 007 | ta | ||
| 008 | 230509b bl.|||p| |||| 00| 00por d | ||
| 040 |
_aBR-BrBNA _bpor _cBiblioteca Nacional de Agricultura |
||
| 041 | _a(Pt) | ||
| 072 | _aL73 | ||
| 100 | 1 | _aChaves, R.O. | |
| 100 | 1 | _aBeckmann, D.V. | |
| 100 | 1 | _aCopat, B. | |
| 100 | 1 | _aBaumhardt, R. | |
| 100 | 1 | _aAndrades, A.O. | |
| 100 | 1 | _aSilveira, L.B. | |
| 100 | 1 | _aSilva, A.P. da | |
| 100 | 1 | _aMazzanti, A. | |
| 245 | 1 | _aPoliartrite em cães - 27 casos (2007-2013) | |
| 650 | _aCÃO | ||
| 650 | _aDOENÇA ANIMAL | ||
| 650 | _aARTRITE | ||
| 650 | _aVÍRUS | ||
| 650 | _aBACTÉRIA | ||
| 773 | 0 |
_tCiência Rural (Brazil) _xISSN 0103-8478 _g(Mar 2015), v. 45(3) p. 533-539 _wBR2015002727 |
|
| 909 |
_a202311 _bLúcia _c55 _dLúcia Elande |
||
| 942 |
_2AGRIS _n0 _cANA |
||
| 999 |
_c243723 _d243723 |
||